Historical dictionary of Equatorial Guinea /

Bibliographic Details
Main Author: Liniger-Goumaz, Max
Format: Book
Language:English
Published: Metuchen, N.J. : Scarecrow Press, 1979.
Series:African historical dictionaries ; no. 21.
Subjects:

MARC

Tag First Indicator Second Indicator Subfields
LEADER 00000pam a2200000 i 4500
001 in00000097344
005 20150925114746.0
008 790531s1979 njub bd 00010 eng
010 |a  79015914  
020 |a 0810812304 
035 |a (OCoLC)05101256 
035 |9 AAL2800AM 
040 |a DLC  |c DLC  |d TXA  |d UtOrBLW 
043 |a f-eg--- 
049 |a TXAM  |c [1191301] 
050 0 0 |a DT620.5  |b .L56 
082 0 |a 967/.18/003 
100 1 |a Liniger-Goumaz, Max. 
245 1 0 |a Historical dictionary of Equatorial Guinea /  |c by Max Liniger-Goumaz. 
264 1 |a Metuchen, N.J. :  |b Scarecrow Press,  |c 1979. 
300 |a xxiv, 222 pages :  |b map ;  |c 22 cm. 
336 |a text  |b txt  |2 rdacontent 
337 |a unmediated  |b n  |2 rdamedia 
338 |a volume  |b nc  |2 rdacarrier 
490 1 |a African historical dictionaries ;  |v no. 21 
504 |a Bibliography: pages 177-222. 
651 0 |a Equatorial Guinea  |x History  |x Dictionaries. 
651 0 |a Equatorial Guinea  |x Bibliography. 
830 0 |a African historical dictionaries ;  |v no. 21. 
999 |a MARS 
999 f f |s f5638d76-1d6e-3312-9343-1476d7d283aa  |i cd472542-c04f-34f1-9875-3a07087053ab  |t 0 
952 f f |p ric  |a Texas A&M University  |b Rellis Campus  |c Joint Library Facility  |d Remote Storage  |t 0  |e DT620.5 .L56  |h Library of Congress classification  |i unmediated -- volume  |m A14802100405 
998 f f |a DT620.5 .L56  |t 0  |l Remote Storage